KOHA-Header-6

Pakistan Studies with an introduction to Pakistan Affaira (Record no. 1235)

000 -LEADER
fixed length control field 00304nam a2200109Ia 4500
008 - FIXED-LENGTH DATA ELEMENTS--GENERAL INFORMATION
fixed length control field 190723s9999 xx 000 0 und d
100 ## - MAIN ENTRY--PERSONAL NAME
Personal name Gul Shahzad Serwar
245 #0 - TITLE STATEMENT
Title Pakistan Studies with an introduction to Pakistan Affaira
260 ## - PUBLICATION, DISTRIBUTION, ETC. (IMPRINT)
Place of publication, distribution, etc Karachi
Name of publisher, distributor, etc Iqra Publisher
Date of publication, distribution, etc 2017
300 ## - PHYSICAL DESCRIPTION
Extent 448
942 ## - ADDED ENTRY ELEMENTS (KOHA)
Koha item type Books
Holdings
Withdrawn status Lost status Damaged status Not for loan Collection code Permanent Location Current Location Shelving location Date acquired Total Checkouts Full call number Barcode Checked out Date last seen Date checked out Price effective from Koha item type
          MAJU MAJU   2019-07-23 1 954.91 7860 2022-03-28 2021-09-29 2021-09-29 2019-07-23 Pakistan Studies

Powered by Koha